MDQL
is popping MORE tags! Check the
thread
!
Quizzes
Events
Quiz Creation
Community
Videos
Private Events
Remove Ads
Sign In
Join for FREE
Feedback
Dark Mode
Quiz Categories
Sports
Geography
Music
Movies
Television
Just For Fun
Miscellaneous
History
Literature
Language
Science
Gaming
Entertainment
Religion
Holiday
For Kids
Quiz Lab
Recent
Popular Today
Quiz Kudos Today
Editor Picks
Curator Picks
Quizzes by...
Day
Popularity
Type
Ratings
Length
Year
Community
Subscriptions
Recent Discussions
Orange Saloon
Badges
Playlists
Quests
Create
Leaderboards
Showdown
Live 5
Trivia Bingo
Activity
Puzzle Library
Sporcle Events
Private Events
Virtual Trivia
Globe League
Become a Host
Pub Owners
SporcleCon
Opinionation
Our Games
Videos
Blog
Mobile Apps
Partnerships
Remove Ads and Go Orange
Feedback
Language
Vocabulary
Begins and Ends
Definition
Spanish
French
German
Italian
Chinese
Latin
Translation
Japanese
Language
Vocabulary
Begins and Ends
Definition
Spanish
French
German
Italian
Chinese
Latin
Translation
Japanese
Random Quiz
Search Sporcle
×
Quiz Lab
Quiz Lab
Language
combination
Type in answers that appear in a list
Type in answers that appear in a list
Classic
Best Score? Go Orange.
Most Common Two-Letter Combinations Stats
Can you name the Most Common Two-Letter Combinations?
By
furman
4m
30 Questions
313 Plays
313 Plays
313 Plays
Comments
Comments
Give Quiz Kudos
Give Quiz Kudos
-
- Ratings
hide this ad
More Info
Replay
Link that replays current quiz
Next Quiz
Link to next quiz in quiz playlist
You Got
0%
They Got
Avg Score
43%
Avg Friend Score
Upgrade to see
Score Distribution
Jump to the score distribution portion of the page
Score
0/30
Timer
04:00
0
Plays Today
Frequency
Digraph
% Correct
1.81
AN
69%
1.89
TH
68.7%
1.88
IN
63.9%
1.67
AT
63.3%
1.94
ER
62.9%
2.05
EN
58.1%
1.89
ON
56.9%
1.61
AS
56.5%
1.64
AR
54.3%
1.73
ES
53.7%
1.99
RE
52.1%
1.80
ST
50.5%
1.78
ED
49.2%
1.85
TE
48.9%
1.69
SE
47.9%
Frequency
Digraph
% Correct
1.81
OR
47.3%
1.70
TO
47%
1.65
TI
39.3%
1.76
NE
38%
1.59
RA
36.7%
1.62
EE
35.8%
1.61
CO
30.7%
1.61
IO
30.7%
1.60
FO
23.6%
1.72
ND
22.4%
1.91
NT
21.7%
1.76
VE
17.9%
1.62
RT
17.3%
1.59
FI
16.9%
1.61
TY
12.1%
Quiz Playlist
Details
Report
Send in Message
Add To Playlist
More Info:
Digraph - Two successive letters (especially two letters used to represent a single sound: `sh' in `shoe')
Classic:
Type in answers that appear in a list
Quiz Source
Last Updated: Feb 16, 2017
Quiz Scoreboard
CHALLENGE
Sign Up to Join the Scoreboard
Show All
Scores
Hide
Comments
May contain spoilers
Recently Published
5x2 Blitz: Bands
by SL_Kpop136
Music
30s
Colored Red Africa Blitz
by spor1
Geography
30s
Find the 'City' Movie
by crazypaving
Movies
60s
More to Explore
Quiz From the Vault
Featured Blog Post
14 Easter Pick-up Lines to Find Eggs With
hide this ad
You Might Also Like...
Tags
2 Letters
combination
common
Frequency
Today's Top Quizzes in Language
Browse Language
hide this ad
Today's Top Quizzes in combination
Browse combination
Top Contributed Quizzes in Language
1
What Word Starts All?
2
Arabic Numerals
3
1-10 Letter F Words III
4
1-10 Letter G Words III
5
1-10 Letter H Words III
6
1-10 Letter I Words III
7
Latihan Huruf Hiragana KA KI KU KE KO
8
Weisst du, aus welchen Sprachen diese Wörter stammen?
9
1-10 Letter J Words III
10
1-10 Letter K Words III
Explore More
Trending Topics
Marvel
Disney
Kpop
Harry Potter
Crossword
Anime
NBA
Puzzle
The Office
Country
Soccer
WWE
NFL
Pokémon
Song
hide this ad
More By:
furman
Quiz
Plays
Rating
Category
Featured
Created
The Beatles meet Oasis
1,287
3.83
Music
Aug 5, 2010
Sail the Seven Seas
616
3.78
Geography
Sep 14, 2010
Most Common Three-Letter Combinations
382
5.00
Language
Oct 18, 2010
Starting Poker Hands
338
4.50
Gaming
Aug 26, 2010
Most Common Two-Letter Combinations
313
4.29
Language
Oct 18, 2010
Go to Creator's Profile
Score Distribution
Quiz Creator Spotlight
furman
Follow
Send a Message
Quizzes Created
-
Created Quiz Play Count
-
More By This Creator
Popular Quizzes Today
1
Colored Red Africa Blitz
2
Find the US States - No Outlines Minefield
3
Find the 'City' Movie
4
5x2 Blitz: Bands
5
The Countries of the World
6
Find the US States
7
US States
8
Find the Countries of Europe - No Outlines Minefield
More Language Quizzes
Rhymes with 'Home'
Published
Trending Quizzes
Colored Red Europe Blitz I
Colored Red Europe Blitz II
Colored Red Africa Blitz II
Colored Red Europe Blitz III
Colored Red Africa Blitz III
Recently Updated
How Do You Spell That?
pecheneg
Godzilla Movies
pecheneg
Grab Bag: 4-10 Letters
pecheneg
2024 March Madness Bracket
pecheneg
Famous TV Couples
Peacemaker
Champions League XIs: Real Madrid
pecheneg
Largest US Cities 1790-2010
pecheneg
Rides in Walt Disney World
pecheneg
Most Oscar Losses (Acting)
pecheneg
Beyoncé Albums
pecheneg
Trending Topics
Marvel
Anime
Harry Potter
Kpop
Crossword
NBA
Disney
Soccer
Song
Puzzle
The Office
NFL
Pokémon
WWE
Country
Your Account Isn't Verified!
In order to create a playlist on Sporcle, you need to verify the email address you used during registration. Go to your
Sporcle Settings
to finish the process.
Report this User
Report this user for behavior that violates our
Community Guidelines
.
Details:
Send Report
Go to the Sporcle.com Mobile Site →
Comments